Представление документа в формате MARC21

ПолеНазваниеЗначение
  Тип записи a
  Библиографический уровень m
001 Контрольный номер BIBLIOCLUB\0000727741
005 Дата корректировки 20260430154908.1
006 m o d
007 Элементы данных для физической характеристики c|||||||||||||
008 Кодируемые данные s2019 rus o rus d
020 Индекс ISBN __
a ISBN [978-5-94789- -]
041 Код языка издания 0_
a Код языка текста rus
084 Индекс другой классификации/Индекс ББК __
a Индекс другой классификации/Индекс ББК 22.185.41я73
b Номер единицы LBC/PL
2 Источник индекса rubbk
084 Индекс другой классификации/Индекс ББК __
a Индекс другой классификации/Индекс ББК 32.972.131.4я73
b Номер единицы LBC/PL
2 Источник индекса rubbk
100 Автор 1_
a Автор Фомина Е. Е.
245 Заглавие 10
a Заглавие Решение задач линейного программирования в табличном процессоре MS Excel: учебное пособие для студентов очной, очно-заочной и заочной форм обучения, обучающихся по направлениям подготовки 38.03.01 «Экономика», 38.03.02 «Менеджмент», 38.03.04 «Государственное и муниципальное управление»
b Продолж. заглавия учебное пособие
c Ответственность Е. Е. Фомина, И. Л. Кислова
250 Сведения об издании __
a Основные сведения об издании 2-е изд., перераб. и доп.
260 Выходные данные __
a Место издания Тверь
b Издательство РАНХиГС, Тверской филиал
c Дата издания 2019
300 Физическое описание __
a Объем 68 с.
504 Библиография __
a Библиография ISBN в кн. внесен не полностью
653 Ключевые слова 1_
a Ключевые слова Учебник для высшей школы
700 Другие авторы _1
a Другие авторы Кислова И. Л.
856 Электронный адрес документа 40
3 Область применения данных поля Университетская библиотека ONLINE
u URL https://biblioclub.ru/index.php?page=book&id=727741
900 Электронные ресурсы __
a Имя электронного ресурса https://img.biblioclub.ru/sm_cover/f8cd36763935145f52a48ad959dca0ef8f5tv5p98c/cover.jpg